书目信息 |
| 题名: |
中国文化中人的观念
|
|
| 作者: | 李庆 著 | |
| 分册: | ||
| 出版信息: | 上海 学林出版社 1996.9 |
|
| 页数: | 832页 | |
| 开本: | 20cm | |
| 丛书名: | ||
| 单 册: | ||
| 中图分类: | G05 | |
| 科图分类: | ||
| 主题词: | 文化理论 | |
| 电子资源: | ||
| ISBN: | 7-80616-181-3 | |
| 000 | 00549nam0 2200193 45 | |
| 001 | 0104051632 | |
| 005 | 20031219104049.4 | |
| 010 | @a7-80616-181-3@b精装@dCNY42.00 | |
| 100 | @a20010405d1996 km y0chiy0120 ea | |
| 101 | 0 | @achi |
| 105 | @a z 000yy | |
| 200 | 1 | @a中国文化中人的观念@AZhong Guo Wen Hua Zhong Ren De Guan Nian@f李庆著@FLi Qing Zhu |
| 210 | @a上海@c学林出版社@d1996.9 | |
| 215 | @a832页@d20cm | |
| 606 | 0 | @a文化理论 |
| 690 | @aG05@v1 | |
| 701 | 0 | @a李庆@4著 |
| 801 | @aCN@bTSTC@c20010514 | |
| 905 | @a213230@f3@b296496-498@dG05@e19 | |
| 中国文化中人的观念/李庆著.-上海:学林出版社,1996.9 |
| 832页;20cm |
| ISBN 7-80616-181-3(精装):CNY42.00 |
| ● |
| 相关链接 |
|
|
|
|
正题名:中国文化中人的观念
索取号:G05/19
 
预约/预借
| 序号 | 登录号 | 条形码 | 馆藏地/架位号 | 状态 | 备注 |
| 1 | 0296496 | 002964965 | 第四借阅区/ [索取号:G05/19] | 在馆 | |
| 2 | 0296497 | 002964974 | 第四借阅区/ [索取号:G05/19] | 在馆 | |
| 3 | 0296498 | 002964983 | 第一样本阅览室/ [索取号:G05/19] | 在馆 |